是你為我點了燈
| 資料類型: | 圖書 | 書目號: | 45483 |
Leader xxxxxxxxxx 001 __ PCLIS00045483 005 __ 20081105081624.0008 010 0_ |a957-9039-02-X|b平裝|dNT$140 020 __ |atw|bCIP79000730 042 __ |anbic 100 __ |a19961210d1990 y1chiy09 e 101 0_ |achi 102 __ |atw 105 __ |aa z 000yy 200 1_ |a是你為我點了燈|e|f漢?編輯群編 205 __ |a初版 210 __ |a臺北縣中和市|c漢?出版|c流通總經銷|d民79 211 __ |a7906 215 0_ |a275面|c|d21公分 225 1_ |a?流系列|v03 300 __ |a 681 __ |a855|b863 700 __ |a|b|4 702 __ |a|b|4 712 02 |a漢?編輯群|4編 801 _1 |atw|b中醫|c19980415|gCCR 801 _2 |atw|b元智|c19961210|gCCR |